04770nam a2200253 a 450000100100000000500170001000800410002702000180006804000250008608200170011124501160012824600440024426000460028830000210033450519550035550516610231052002930397165000280426465100430429265000470433570000470438270000360442973000510446500003618920240314193807.0120111s2011 dr r 001 0 spa d a9789945423235 aDO-SdBNPbspacBNPHU a340.1bT787a00a30 años de Coloquios Jurídicos /ccompilador Alejandro A. Moscoso Segarra ; prólogo Luis Heredia Bonetti.12aTreinta años de Coloquios Jurídicos aSanto Domingo :bUniversidad APEC,c2011. a723 p. ;c23 cm.0 gPresentación /rJusto Pedro Castellanos --tprólogo /rLuis Heredia Bonetti --gDerecho Civil --tLe contredit (recurso ordinario) /rAmérico Moreta Castillo --tNaturaleza especial de la perención prevista en la ley sobre procedimiento de casación /rRoberto Rizik Cabral --tOrganización del patrimonio ventajas impositivas /rMu-Yieng Sang de Suárez --tLa fianza judicatum solvi /rFrancisco Álvarez Valdez --tLa responsabilidad delictual y contratual (El problema de la opción entre los dos órdenes de responsabilidad) /rJorge Subero Isa --tComentarios en torno a las leyes 834 y 845 de 1978. su puesta en vigor y aplicación /rMargarita A. Tavares --tLa actuación notarial como medida alternativa en la solución de conflictos /rRadhys Abreu de Polanco --tAspectos controvertidos del embargo retentivo /rAmérico Moreta Castillo --tRégimen jurídico del contra-escrito y la simulación /rJulio Miguel Castaño Guzmán --tLa jurisdicción voluntaria /rMignolio Pujols --tFianza judicatum solvi: impedimento a la inversión extranjera /rMarcos Peña Rodríguez --gDerecho Laboral --tLos conflictos de trabajo /rHugo Ramírez Lamarche --tLas nuevas formas y aspectos de la relación de trabajo atípico /rRafael Alburquerque --tEl derecho especial de trabajo /rPorfirio Hernández Quezada --tLas liquidaciones anuales en las empresas /rMarilyn B. Fernández de Piñeyro --tModificación a la legislación laboral para ampliar la capacidad de la generación de empleos en la República Dominicana /rFernando Aníbal Capellán Peralta --gDerecho Internacional --tLos tratados internacionales como fuente de derecho interno /rRosa Campillo --tContratos de distribución en la Unión Europea /rKareen Zanelli --tLa complejidad del tema haitiano en República Dominicana: Ocho tesis para su interpretación y compresión /rFernando I. Ferrán --gDerecho Comercial --0 tConsideraciones sobre el arbitraje comercial internacional /rFrancisca Gil Domínguez --tEl cheque de pago diferido /rJulio Genaro Campillo Pérez --tLas cuentas de cheques llamadas comúnmente cuentas corrientes /rSilvia A. de Ortega /tCorrientes de cambios en la regulación de los valores mobiliarios (acciones, bonos, etc) y la posible aplicación en empresas estatales /rGeorges Santoni Recio --tApuntes sobre derecho e inflación /rLuis Heredia Bonetti --tLa conversión de la deuda externa en inversión /rEnrique de Marchena Kaluche --tPrincipales aspectos de los contratos de reestructuración de la deuda externa /rAna Rosa Berges de Farray --tImpacto de la imflación en la información financiera y en la toma de desiciones /rLuis Gómez Nina --tLas bolsas de valores: su necesidad y utilidad /rJulio Genaro Campillo Pérez --gDerecho Fiscal --tLimitaciones legales que afectan el cobro compulsivo de la deuda impositiva: Diseño de una política de cobranza /rJ. B. Abréu Castro --tEstudio crítico para la modificación de la ley número 18 del 5 de febrero del 1958, denominada "impuesto sobre las viviendas suntuarias y los solares urbanos no edificados" /rVanahí Bello Dotel ;rDamaris de la Cruz Santana --tComentario sobre la ley número 18 del 5 de febrero, que establece el impuesto anual denominado "Impuesto sobre las viviendas suntuarias los y los solares urbanos no edificados" /rMercedes Canalda --thacia una ley de incentivos a las exportaciones /rHoracio Álvarez --gDerecho Admistrativo --tLegislación presupuestaria en la República Dominicana /rAndreína Amaro Reyes .3 aCompilación de los artículos publicados en la revista Coloquios Jurídicos. Se abordan las temáticas de: Derecho Civil, Derecho Laboral, Derecho Internacional, Derecho Comercial, Derecho General, Derecho Fiscal, Derecho Administrativo, Derecho Inmobiliario, Derecho Constitucional. 4aFilosofía del derecho 4aRepública DominicanaxJurisprudencia 4aDerecho y sociedadzRepública Dominicana1 aMoscoso Segarra, Alejandro Ad1964-ecomp.1 aHeredia Bonetti, Luis,epról.0 aColoquios Jurídicos (República Dominicana)